Normal view MARC view
  • Wooldridge, Adrian

Entry Personal Name

Number of records used in: 3

001 - CONTROL NUMBER

  • control field: 93672

003 - CONTROL NUMBER IDENTIFIER

  • control field: NUST

005 - DATE AND TIME OF LATEST TRANSACTION

  • control field: 20220719095952.0

008 - FIXED-LENGTH DATA ELEMENTS

  • fixed length control field: 220719|| aca||aabn | a|a d

040 ## - CATALOGING SOURCE

  • Original cataloging agency: NUST
  • Transcribing agency: NUST

100 ## - HEADING--PERSONAL NAME

  • Personal name: Wooldridge, Adrian

670 ## - SOURCE DATA FOUND

  • Source citation: Work cat.: (NUST)0: Greenspan, Alan, 1926- author. 93667, Capitalism in America :
© 2023 Central Library, National University of Sciences and Technology. All Rights Reserved.